| 000 | 00969nac a22002651u 4500 | ||
|---|---|---|---|
| 010 | _a 2001025816 | ||
| 020 | _a0849309239 (alk. paper) | ||
| 082 | 0 | 0 |
_a363.258 _bGAE |
| 090 |
_c5915 _d5915 |
||
| 100 | _aGaensslen, Henry C. Le. | ||
| 245 | 0 | 0 |
_aAdvances in fingerprint technology / _cedited by Henry C. Lee, R.E. Gaensslen. |
| 250 | _a2nd ed. | ||
| 260 |
_aBoca Raton, Fla. : _bCRC Press,c2001. _cc2001. |
||
| 300 |
_axii, 444 p. : _bill. _c24 cm. |
||
| 440 | 0 | _aCRC series in forensic and police science | |
| 500 | _aDistributer : Al-Ahram. | ||
| 504 | _aIncludes bibliographical references and index. | ||
| 511 | _aCatalogued by : Al-Ahram. | ||
| 650 | 0 | _aFingerprints. | |
| 650 | 0 |
_aFingerprints _xData processing. |
|
| 700 | 1 | _aLee, Henry C. | |
| 700 | 1 |
_aGaensslen, R. E. _q(Robert E.) |
|
| 856 | 4 | 2 |
_3Publisher description _uhttp://www.loc.gov/catdir/enhancements/fy0646/2001025816-d.html |
| 942 |
_cBB _k363.258GAE |
||
| 999 |
_c5915 _d5915 |
||